000 00298nam a22001337a 4500
008 170810b xxu||||| |||| 00| 0 eng d
020 _a3540100016
041 _aeng
080 _a004
100 _a35
101 _aSHKI
245 _aLECTURE NOTES IN COMPUTER SCIENCE
_cGOOS, G
942 _2udc
_cBK
999 _c23191
_d23191